00995nam a22002777a 450000500170000001000110001702000220002802000230005003500110007303700160008404000120010008200150011224501030012726000320023027000110026230000240027350000510029765000690034865000560041770000270047370000240050070000300052494200240055499900190057895201200059720170124105943.0 a748125 c00.00a0582320984 c00.00a0852320992  a748125 bCen Lib/Ret aDPLbEN a301.4bEDU aEducation, health and behaviour /cedited by Michael Rutter, Jack Tizard [and] Kingsely Whitmore  bLongman Groupc1970aLondon bLondon axv,474p. c23cm(Hb) aIncludes bibliographical references and index. aChildren with disabilities -- England -- Wight, Isle of. 911785 aHealth surveys -- England -- Wight, Isle of.911786 aRutter, Michael911787 aTizard, Jack911788 aWhitmore, Kingsley911789 2ddccENh301.4mEDU c124737d124737 00104070aLbLd2015-06-18eCen Lib/Retg0.00l0o301.4 EDUp748125r2015-06-18 00:00:00t1v0.00w2016-09-15yEN